[Event "Titled Tue 1st Jul Early"]
[Site "chess.com INT"]
[Date "2025.07.01"]
[Round "2"]
[White "Levitan, Caleb Levi"]
[Black "Dilmukhametov, Artur"]
[Result "1-0"]
[WhiteTitle "FM"]
[BlackTitle "FM"]
[WhiteElo "2399"]
[BlackElo "2276"]
[WhiteFideId "14332620"]
[BlackFideId "24179922"]
[EventDate "2025.07.01"]

1. e4 e5 2. Nf3 Nc6 3. Bb5 Nf6 4. O-O Bc5 5. c3 O-O 6. d4 exd4 7. cxd4 Bb6 8. e5
Nd5 9. Bg5 f6 10. exf6 Nxf6 11. Nc3 d5 12. Bd3 Bg4 13. h3 Bh5 14. g4 Bf7 15. Bc2
Qd6 16. Ne2 h6 17. Bh4 Be6 18. Bg3 Qd7 19. Nf4 Ne4 20. Bxe4 dxe4 21. d5 exf3 22.
dxe6 Qxd1 23. Raxd1 Nd4 24. Rfe1 Ne2+ 25. Nxe2 fxe2 26. Rxe2 Rae8 27. Kg2 Rf6
28. Rde1 Ba5 29. Rc1 Rfxe6 30. Rxe6 Rxe6 31. Bxc7 Bxc7 32. Rxc7 Rb6 33. b3 Kf8
34. f4 g6 35. Kf3 Ke8 36. Rh7 g5 37. f5 Kf8 38. Ke4 Kg8 39. Rd7 Kf8 40. Ke5 Ke8
41. Rh7 Kf8 42. f6 Rb5+ 43. Ke6 Rb6+ 44. Kf5 Rb5+ 45. Kg6 Rb6 46. Rh8# 1-0

[Event "Titled Tue 1st Jul Early"]
[Site "chess.com INT"]
[Date "2025.07.01"]
[Round "2"]
[White "Zozek Salah Mohammed"]
[Black "Mizzi, Jack"]
[Result "1-0"]
[WhiteTitle "FM"]
[BlackTitle "CM"]
[WhiteElo "2205"]
[BlackElo "2106"]
[WhiteFideId "4803361"]
[BlackFideId "5602521"]
[EventDate "2025.07.01"]

1. d4 Nf6 2. Nf3 e6 3. g3 d5 4. Bg2 c5 5. O-O Nc6 6. c4 cxd4 7. Nxd4 Bc5 8. Nb3
Bb4 9. a3 dxc4 10. axb4 Qxd1 11. Rxd1 cxb3 12. b5 Nb4 13. Nd2 Nc2 14. Ra5 Nd4
15. e3 Ne2+ 16. Kf1 Nxc1 17. Rxc1 O-O 18. Nxb3 e5 19. b6 a6 20. Nc5 Rb8 21. Rd1
h5 22. h3 Bf5 23. Nxb7 Ne4 24. Rxe5 Rfe8 25. Rxf5 Rxb7 26. Rd4 g6 27. Bxe4 Rxb6
28. Ra5 Rxb2 29. Rxa6 Re7 30. Bd5 Kg7 31. Rf4 f5 32. Rc4 Rd7 33. Rd4 Rc7 34. Ra2
Rb1+ 35. Kg2 Rcc1 36. Kf3 Kf6 37. h4 g5 38. Ra6+ Kg7 39. hxg5 Rf1 40. Ra2 Rbe1
41. Bc4 Kg6 42. Bxf1 Rxf1 43. Ra6+ Kxg5 44. Rdd6 f4 45. Rg6+ Kf5 46. gxf4 Rxf2+
47. Kxf2 h4 48. Kf3 h3 49. Raf6# 1-0

[Event "Titled Tue 1st Jul Early"]
[Site "chess.com INT"]
[Date "2025.07.01"]
[Round "2"]
[White "Preobrazhenskaya, Diana"]
[Black "Bhatia, Kanishka"]
[Result "0-1"]
[WhiteTitle "WFM"]
[BlackTitle "WCM"]
[WhiteElo "2029"]
[BlackElo "1923"]
[WhiteFideId "34270566"]
[BlackFideId "2410095"]
[EventDate "2025.07.01"]

1. e4 e5 2. Nf3 d6 3. d4 Nd7 4. Nc3 Ngf6 5. Rg1 exd4 6. Nxd4 Be7 7. Be3 c6 8.
Nf5 O-O 9. g4 Ne5 10. g5 Ne8 11. f4 Bxf5 12. exf5 Nd7 13. f6 Ndxf6 14. gxf6 Bxf6
15. Bd3 Nc7 16. Qg4 Re8 17. Kd2 d5 18. Bf2 Ne6 19. Rae1 Qd6 20. Bg3 Qb4 21. Qf5
Nf8 22. Bf2 Kh8 23. Kc1 a5 24. a3 Qd6 25. Ne2 b5 26. Bd4 Bxd4 27. Nxd4 b4 28. a4
c5 29. Nb5 Qc6 30. Qxf7 Rxe1+ 31. Rxe1 c4 32. Rg1 Qh6 33. Be2 b3 34. cxb3 cxb3
35. Kb1 Rc8 36. Nc3 d4 37. Ne4 Ng6 38. f5 Ne5 39. f6 Nxf7 40. fxg7+ Kg8 41. Bg4
Re8 42. Ng3 Qg6+ 43. Bf5 Qf6 44. Bd3 Ng5 45. Nh5 Qf2 46. Rd1 Re1 47. Rxe1 Qxe1# 0-1

[Event "Titled Tue 1st Jul Early"]
[Site "chess.com INT"]
[Date "2025.07.01"]
[Round "2"]
[White "Sickmann, Lisa"]
[Black "Estrada Nieto, Julian"]
[Result "1/2-1/2"]
[WhiteTitle "WFM"]
[BlackTitle "IM"]
[WhiteElo "1961"]
[BlackElo "2189"]
[WhiteFideId "16267818"]
[BlackFideId "5101018"]
[EventDate "2025.07.01"]

1. d4 d5 2. c4 dxc4 3. e4 e5 4. d5 Nf6 5. Nc3 Bc5 6. Bxc4 O-O 7. Nf3 Qe7 8. O-O
Nbd7 9. a3 a6 10. b4 Ba7 11. Bb2 Nh5 12. g3 b5 13. Bb3 Nb6 14. Kg2 Kh8 15. Nxe5
Qxe5 16. f4 Nxf4+ 17. Rxf4 Bd7 18. Na4 Qe7 19. Nc5 Nc4 20. Bxc4 bxc4 21. Qd4 f6
22. Qxc4 a5 23. Raf1 axb4 24. axb4 Rab8 25. Bd4 Bb5 26. Qc3 Bxf1+ 27. Rxf1 Bb6
28. Ne6 Rfe8 29. Bxb6 cxb6 30. Rc1 h6 31. Qc6 Qf7 32. Qb5 Qg6 33. Qd3 Rec8 34.
Rxc8+ Rxc8 35. d6 Qf7 36. d7 Ra8 37. d8=Q+ Rxd8 38. Qxd8+ Kh7 39. Nf8+ Kg8 40.
Ng6+ Kh7 41. Nf8+ Kg8 42. Ne6+ Kh7 43. Qxb6 Qg6 44. Qc6 Qh5 45. b5 Qe2+ 46. Kg1
Qe1+ 47. Kg2 Qe2+ 48. Kh3 Qh5+ 49. Kg2 Qe2+ 1/2-1/2

[Event "Titled Tue 1st Jul Early"]
[Site "chess.com INT"]
[Date "2025.07.01"]
[Round "2"]
[White "Vu Quang Quyen"]
[Black "Danzer, George"]
[Result "1-0"]
[WhiteTitle "CM"]
[BlackTitle "CM"]
[WhiteElo "2026"]
[BlackElo "2172"]
[WhiteFideId "12402168"]
[BlackFideId "4659465"]
[EventDate "2025.07.01"]

1. Nf3 Nf6 2. g3 g6 3. Bg2 Bg7 4. O-O O-O 5. d4 d5 6. c4 c5 7. dxc5 Na6 8. Na3
Nxc5 9. Be3 b6 10. Bxc5 bxc5 11. cxd5 Bb7 12. Rc1 Rc8 13. Nc4 Bxd5 14. Nfe5 Bxg2
15. Kxg2 Qc7 16. f3 Rfd8 17. Qc2 Nd5 18. Nd3 Nb4 19. Nxb4 cxb4 20. b3 h5 21.
Rfd1 h4 22. Rxd8+ Qxd8 23. Rd1 Qc7 24. Qd2 hxg3 25. hxg3 Bc3 26. Qd7 Kg7 27.
Qxc7 Rxc7 28. f4 Kf6 29. Kf3 g5 30. e4 gxf4 31. gxf4 Rc8 32. Rd5 Rh8 33. Rd7 a6
34. Ra7 Rh3+ 35. Kg4 Rh1 36. Rxa6+ e6 37. e5+ Kg6 38. f5+ Kg7 39. fxe6 fxe6 40.
Rxe6 Rh2 41. Ra6 Rh1 42. Kf5 Kf7 43. Ra7+ Kf8 44. Ke6 Rh6+ 45. Kd5 Rh5 46. Kd6 1-0

[Event "Titled Tue 1st Jul Early"]
[Site "chess.com INT"]
[Date "2025.07.01"]
[Round "2"]
[White "Wartiovaara, Oliver"]
[Black "Bashirli, Saadat"]
[Result "0-1"]
[WhiteTitle "FM"]
[BlackTitle "WCM"]
[WhiteElo "2322"]
[BlackElo "2005"]
[WhiteFideId "513024"]
[BlackFideId "13429990"]
[EventDate "2025.07.01"]

1. e4 c5 2. Nf3 Nc6 3. d4 cxd4 4. Nxd4 g6 5. c4 Nf6 6. Nc3 Nxd4 7. Qxd4 d6 8.
Bg5 Bg7 9. Qd2 O-O 10. Be2 Be6 11. O-O a5 12. Kh1 a4 13. Rab1 Qa5 14. f4 Rfc8
15. b4 axb3 16. axb3 Ng4 17. b4 Qa3 18. Nb5 Qe3 19. f5 Qxd2 20. Bxd2 Bxc4 21.
Bxg4 Bxb5 22. fxg6 Rc2 23. gxf7+ Kf8 24. Rfd1 Kxf7 25. Be3 Raa2 26. Bf3 Be2 27.
Rdc1 Bxf3 28. Rxc2 Rxc2 29. gxf3 Rc3 30. Re1 Rb3 31. Bd2 Rxf3 32. Kg2 Rd3 33.
Re2 Ke6 34. Be1 Bc3 35. Bg3 Bxb4 36. Kh3 Bc5 37. Rb2 b6 38. Kg4 Rd4 39. Kf3 Rb4
40. Ra2 b5 41. Ra8 Rb3+ 42. Kg4 b4 43. Rh8 Rd3 44. Rxh7 b3 45. Rh8 Rd4 46. Rb8
Rxe4+ 47. Kg5 Rb4 0-1

[Event "Titled Tue 1st Jul Early"]
[Site "chess.com INT"]
[Date "2025.07.01"]
[Round "2"]
[White "Mardov, Dimitar"]
[Black "Yaksin, Oleg"]
[Result "1/2-1/2"]
[WhiteTitle "IM"]
[BlackTitle "FM"]
[WhiteElo "2506"]
[BlackElo "2393"]
[WhiteFideId "30919495"]
[BlackFideId "24105880"]
[EventDate "2025.07.01"]

1. Nf3 d5 2. b3 Nf6 3. e3 g6 4. Bb2 Bg7 5. c4 c6 6. Nc3 O-O 7. d4 Bf5 8. Bd3
Bxd3 9. Qxd3 Nbd7 10. O-O e6 11. Rfd1 Re8 12. Rac1 Rc8 13. h3 Qa5 14. a3 a6 15.
Qd2 Qb6 16. Qc2 Qa7 17. e4 dxe4 18. Nxe4 Nxe4 19. Qxe4 c5 20. b4 cxb4 21. axb4
b5 22. c5 Nf6 23. Qe1 Nd5 24. Ra1 Qb7 25. Ra3 Red8 26. Rda1 Rc6 27. Ne5 Bxe5 28.
dxe5 Qc8 29. Bc1 Nc7 30. Bg5 Rd4 31. Kh2 Nd5 32. Bf6 Rxb4 33. Qd2 Rf4 34. Rd3
Rf5 35. g4 Rxf6 36. exf6 Rxc5 37. Qh6 Nxf6 38. Qf4 Nd5 39. Qd6 Rc2 40. Rf3 Qc4
41. Qd7 Qc7+ 42. Qxc7 Nxc7 43. Rd1 Nd5 44. Ra1 Rc6 45. Rfa3 b4 46. Rxa6 Rc2 47.
Kg3 Rc3+ 48. Kh2 Rc2 49. R1a2 Rxa2 50. Rxa2 g5 51. Ra7 Kg7 52. Kg3 Kg6 53. Rb7
h5 1/2-1/2

[Event "Titled Tue 1st Jul Early"]
[Site "chess.com INT"]
[Date "2025.07.01"]
[Round "2"]
[White "Sprenar, Petr"]
[Black "Kravtsiv, Martyn"]
[Result "0-1"]
[WhiteTitle "FM"]
[BlackTitle "GM"]
[WhiteElo "2318"]
[BlackElo "2598"]
[WhiteFideId "397164"]
[BlackFideId "14113147"]
[EventDate "2025.07.01"]

1. d4 d5 2. c4 e6 3. g3 Nf6 4. Nf3 Be7 5. Bg2 O-O 6. O-O c6 7. Qc2 b6 8. Rd1
Nbd7 9. b3 a5 10. Nc3 Ba6 11. e4 dxc4 12. bxc4 Bxc4 13. Bf4 Rc8 14. h4 b5 15.
Nd2 Nb6 16. Nxc4 Nxc4 17. Qe2 Bb4 18. Rac1 Nd7 19. h5 Qe7 20. Qg4 e5 21. dxe5
Ndxe5 22. Qe2 Rcd8 23. Bh3 Rfe8 24. h6 g6 25. Bxe5 Qxe5 26. Rxd8 Rxd8 27. Rd1
Rxd1+ 28. Nxd1 Qg5 29. Bd7 Ne5 30. Be8 Qd8 31. f4 Qxe8 32. fxe5 Qxe5 33. Qd3 Bf8
34. Ne3 Bxh6 35. Ng4 Qc5+ 36. Kg2 Bg7 37. Qd8+ Qf8 38. Qd7 h5 39. Nf2 Qc5 40.
Qe8+ Bf8 41. e5 Qd5+ 42. Kf1 a4 43. g4 h4 44. g5 h3 45. Nxh3 Qxa2 46. Nf2 Qc4+
47. Kg2 a3 48. Kg3 a2 49. Ng4 Qxg4+ 50. Kxg4 a1=Q 51. e6 Qd4+ 52. Kf3 Qd5+ 53.
Kf4 Qxe6 54. Qb8 Qd6+ 0-1

[Event "Titled Tue 1st Jul Early"]
[Site "chess.com INT"]
[Date "2025.07.01"]
[Round "2"]
[White "Kornev, Alexei"]
[Black "Mattenberger, Matthias"]
[Result "1-0"]
[WhiteTitle "GM"]
[BlackTitle "FM"]
[WhiteElo "2500"]
[BlackElo "2276"]
[WhiteFideId "4120949"]
[BlackFideId "1339958"]
[EventDate "2025.07.01"]

1. d4 Nf6 2. c4 g6 3. Nc3 d5 4. cxd5 Nxd5 5. e4 Nxc3 6. bxc3 Bg7 7. Nf3 c5 8.
Bb5+ Nc6 9. O-O O-O 10. Bxc6 bxc6 11. Qc2 cxd4 12. cxd4 Bg4 13. Ne5 Qxd4 14. Bb2
Qb6 15. Rab1 Bxe5 16. Bxe5 Qa5 17. Ba1 Rab8 18. Rxb8 Rxb8 19. Qxc6 Qxa2 20. Qc7
Re8 21. Qc3 f6 22. e5 Rc8 23. Qg3 Qc4 24. Re1 Qb4 25. f3 Bf5 26. exf6 exf6 27.
h4 h5 28. Kh2 Qb8 29. Bxf6 Qxg3+ 30. Kxg3 Kf7 31. Bg5 Rc7 32. Ra1 Be6 33. Ra5
Bc4 34. Bf4 Rd7 35. Rc5 Bd3 36. Be5 a6 37. Kf4 Rb7 38. Bd4 Rb4 39. Rc7+ Ke6 40.
Ke3 Kd5 41. Rd7+ Ke6 42. Ra7 Bb5 43. Rg7 Rb3+ 44. Kf4 Bd3 45. Rc7 Rb4 46. Ke3
Bb5 47. g4 Rb3+ 48. Kf4 hxg4 49. fxg4 Be2 50. h5 Rf3+ 51. Ke4 Rg3 52. h6 Rxg4+
53. Ke3 Rh4 54. h7 Rh3+ 55. Kxe2 1-0

[Event "Titled Tue 1st Jul Early"]
[Site "chess.com INT"]
[Date "2025.07.01"]
[Round "2"]
[White "Dragnev, Valentin"]
[Black "Shakirov, Marat"]
[Result "0-1"]
[WhiteTitle "GM"]
[BlackTitle "FM"]
[WhiteElo "2547"]
[BlackElo "2167"]
[WhiteFideId "1634852"]
[BlackFideId "44118171"]
[EventDate "2025.07.01"]

1. e4 e5 2. Nf3 Nc6 3. Bc4 Nf6 4. d3 h6 5. a4 Bc5 6. O-O d6 7. a5 a6 8. Be3 Bxe3
9. fxe3 O-O 10. Nc3 Be6 11. Bxe6 fxe6 12. Qe1 d5 13. Qg3 Qd6 14. Rf2 dxe4 15.
Nxe4 Nxe4 16. dxe4 Qc5 17. Re2 Rad8 18. Qg4 Rd6 19. h4 Nxa5 20. h5 Nc4 21. Qg3
Rfd8 22. b3 Rd1+ 23. Rxd1 Rxd1+ 24. Ne1 Nd6 25. Qg4 Nf7 26. Qxe6 Qd6 27. Qe8+
Qf8 28. Qe6 Kh8 29. Kh2 Ng5 30. Qxe5 Qf7 31. Kg1 Qxh5 32. Kf2 Nh3+ 33. gxh3 Qxe5
34. Nf3 Qxe4 35. Kg3 Rf1 36. Nh2 Qe5+ 37. Kg2 Rf6 38. Nf3 Qe4 39. Rf2 g5 40. Kg3
Qxe3 41. Kg2 h5 42. Kg3 g4 43. hxg4 hxg4 44. Rh2+ Kg7 45. Kh4 Qxf3 46. c4 Rh6+
47. Kg5 Qe3+ 48. Kxg4 Qe5 49. c5 Qxh2 50. c6 Qh4+ 51. Kf5 Rxc6 52. b4 Qh5+ 53.
Ke4 Rg6 54. b5 Rg4+ 55. Kf3 Qh3+ 56. Kf2 Rg2+ 57. Kf1 Qh1# 0-1

[Event "Titled Tue 1st Jul Early"]
[Site "chess.com INT"]
[Date "2025.07.01"]
[Round "2"]
[White "Dudzinski, Pawel"]
[Black "Troltenier, Dirk"]
[Result "1/2-1/2"]
[WhiteTitle "FM"]
[BlackTitle "FM"]
[WhiteElo "2191"]
[BlackElo "2174"]
[WhiteFideId "1117890"]
[BlackFideId "4606400"]
[EventDate "2025.07.01"]

1. e4 e5 2. Nf3 d6 3. d4 exd4 4. Nxd4 Nf6 5. Nc3 Be7 6. h3 O-O 7. Be3 Re8 8. Bd3
d5 9. exd5 Nxd5 10. Nxd5 Qxd5 11. O-O Nc6 12. c4 Qd8 13. Nxc6 bxc6 14. Be4 Bd7
15. Qf3 Bf6 16. Rab1 Re6 17. Rfd1 Qe8 18. Bf5 Rd6 19. Bxd7 Qxd7 20. Bc5 Rxd1+
21. Rxd1 Qe6 22. b3 a5 23. g3 a4 24. Kg2 axb3 25. axb3 h6 26. Qe3 Rb8 27. Qxe6
fxe6 28. Rd3 Rb7 29. Kf3 Kf7 30. Ke4 Kg6 31. f4 h5 32. b4 Rb8 33. Rd7 Rc8 34.
Bd4 Rb8 35. Rxc7 Rxb4 36. Rxc6 Rb3 37. Bxf6 Kxf6 38. f5 Rxg3 39. Rxe6+ Kf7 40.
c5 Rxh3 41. c6 Rc3 42. Kd5 h4 43. Re4 h3 44. Rh4 Kf6 45. Kd6 Kxf5 46. c7 g5 47.
Rxh3 Rc2 48. Kd7 g4 49. Rd3 Kf4 50. Rd6 Rxc7+ 51. Kxc7 g3 52. Rf6+ Ke3 53. Kd6
g2 54. Rg6 Kf2 55. Ke5 g1=Q 56. Rxg1 Kxg1 1/2-1/2

[Event "Titled Tue 1st Jul Early"]
[Site "chess.com INT"]
[Date "2025.07.01"]
[Round "2"]
[White "Ravshanov, Sheralijon"]
[Black "Hernandez Samayoa, Dilan Alexander"]
[Result "1-0"]
[WhiteTitle "CM"]
[BlackTitle "CM"]
[WhiteElo "2156"]
[BlackElo "2006"]
[WhiteFideId "14212170"]
[BlackFideId "7306679"]
[EventDate "2025.07.01"]

1. g3 c5 2. Bg2 Nf6 3. Nf3 g6 4. O-O Bg7 5. c3 O-O 6. d4 cxd4 7. cxd4 d5 8. Nbd2
Nc6 9. Nb3 b6 10. Ne5 Bb7 11. Bd2 Rc8 12. Rc1 Ne4 13. Nxc6 Bxc6 14. Bb4 Re8 15.
Qd3 Qd7 16. Rfd1 Nd6 17. Bxd6 Qxd6 18. Rc2 Bb7 19. Rdc1 Qd7 20. Rxc8 Rxc8 21.
Rxc8+ Qxc8 22. Qc3 Qd7 23. e3 h5 24. h4 Qc6 25. Nd2 e6 26. Bf1 Bf8 27. Bd3 Bd6
28. Nf3 Qxc3 29. bxc3 Ba3 30. Nd2 Bb2 31. c4 Ba6 32. Bf1 Bc3 33. cxd5 Bxf1 34.
Nxf1 exd5 35. Nh2 Kf8 36. Kf1 Ke7 37. Ke2 Ke6 38. Nf3 f6 39. Kd3 Bb4 40. e4 b5
41. Ng1 Be1 42. Nh3 dxe4+ 43. Kxe4 Kd6 44. Ke3 a5 45. Nf4 g5 46. Nxh5 gxh4 47.
gxh4 a4 48. Nxf6 Ke6 49. Ne4 b4 50. Nc5+ Kd5 51. Nxa4 1-0

[Event "Titled Tue 1st Jul Early"]
[Site "chess.com INT"]
[Date "2025.07.01"]
[Round "2"]
[White "Zepeda Berlanga, Jan Enrique"]
[Black "Matyassy, Lazar"]
[Result "0-1"]
[WhiteTitle "CM"]
[BlackTitle "FM"]
[WhiteElo "2011"]
[BlackElo "2251"]
[WhiteFideId "5132355"]
[BlackFideId "17005167"]
[EventDate "2025.07.01"]

1. e4 a6 2. d4 h6 3. f4 e6 4. Nf3 d5 5. Nc3 c5 6. e5 Nc6 7. Be3 cxd4 8. Nxd4
Nge7 9. Be2 Nxd4 10. Bxd4 Nf5 11. O-O Be7 12. Bf2 b6 13. g4 Nh4 14. Na4 b5 15.
Nb6 Rb8 16. Qd4 Bb7 17. a4 b4 18. a5 h5 19. c4 hxg4 20. Bxg4 dxc4 21. Nxc4 Qc7
22. Rac1 O-O 23. Nb6 Qd8 24. Nd7 Nf3+ 25. Bxf3 Bxf3 26. Nxf8 Qxf8 27. Qa7 Bd5
28. Bc5 Bxc5+ 29. Qxc5 Qd8 30. Qc7 Qe8 31. Qd6 Rd8 32. Qxa6 Qe7 33. Qe2 Qh4 34.
Qf2 Qg4+ 35. Qg3 Qe2 36. Rfe1 Qxb2 37. a6 Qd4+ 38. Qe3 Qb2 39. Re2 Qa3 40. a7
Qa6 41. Rd2 Ra8 42. Rb1 Qxa7 43. Qxa7 Rxa7 44. Rxb4 Ra3 45. Rb8+ Kh7 46. Rf2 g6
47. Rf1 Ra2 48. h4 Rg2+ 49. Kh1 Re2+ 50. Kg1 Rg2+ 51. Kh1 Rb2+ 52. Kg1 Rxb8 0-1

[Event "Titled Tue 1st Jul Early"]
[Site "chess.com INT"]
[Date "2025.07.01"]
[Round "2"]
[White "Motola, Jacopo"]
[Black "Pribelszky, Bence"]
[Result "1-0"]
[WhiteTitle "FM"]
[BlackTitle "IM"]
[WhiteElo "2333"]
[BlackElo "2401"]
[WhiteFideId "863190"]
[BlackFideId "769738"]
[EventDate "2025.07.01"]

1. e4 d6 2. d4 Nf6 3. Nc3 e5 4. Nf3 Nbd7 5. h3 Be7 6. g4 h6 7. Be3 c6 8. a4 Qa5
9. Qd2 exd4 10. Nxd4 d5 11. Nb3 Qb4 12. exd5 cxd5 13. Bg2 Nb6 14. Bxb6 Qxb6 15.
O-O Be6 16. a5 Qd6 17. Nb5 Qd7 18. N5d4 O-O 19. Rfe1 Rac8 20. c3 Bd6 21. a6 b6
22. f4 Bxg4 23. hxg4 Qxg4 24. Rf1 Ne4 25. Qd1 Qg3 26. Nf5 Qg6 27. Qxd5 Rfe8 28.
Rae1 Bc5+ 29. Nxc5 Rxc5 30. Qd7 Re6 31. Ne7+ Rxe7 32. Qxe7 Nd2 33. Qd8+ Kh7 34.
Qxd2 Rh5 35. f5 Qg3 36. Rf3 Qh2+ 37. Kf2 Rg5 38. Rg1 Qh4+ 39. Kf1 Rg4 40. f6
gxf6 41. Qd3+ Kh8 42. Qd8+ Kg7 43. Qd1 h5 44. Qe1 Qg5 45. Qf2 f5 46. Rh1 Qc1+
47. Qe1 Qxb2 48. Qe2 Qc1+ 49. Kf2 Qb2 50. Qxb2 Re4 51. Rxf5 Kg6 52. Bxe4 h4 53.
Rg1+ 1-0

[Event "Titled Tue 1st Jul Early"]
[Site "chess.com INT"]
[Date "2025.07.01"]
[Round "2"]
[White "Allahverdiyeva, Ayan"]
[Black "Roebers, Jan"]
[Result "1-0"]
[WhiteTitle "WIM"]
[BlackTitle "FM"]
[WhiteElo "2234"]
[BlackElo "2030"]
[WhiteFideId "13412590"]
[BlackFideId "1007815"]
[EventDate "2025.07.01"]

1. e4 c5 2. Nf3 d6 3. d4 cxd4 4. Nxd4 Nf6 5. Nc3 a6 6. Be2 e5 7. Nb3 Be7 8. Be3
O-O 9. g4 Nbd7 10. g5 Ne8 11. h4 b5 12. Rg1 Bb7 13. h5 Nb6 14. Na5 Qc7 15. Nxb7
Qxb7 16. g6 fxg6 17. hxg6 h6 18. Qd2 Nc4 19. Bxc4+ bxc4 20. Qd5+ Qxd5 21. Nxd5
Bd8 22. O-O-O Nf6 23. Nc3 Ba5 24. f3 Bxc3 25. bxc3 Ne8 26. Rdf1 Rf6 27. f4 exf4
28. Bxf4 Re6 29. Re1 Nf6 30. e5 dxe5 31. Rxe5 Rae8 32. Rxe6 Rxe6 33. Rd1 Kf8 34.
Rd8+ Ke7 35. Ra8 Nd7 36. Bxh6 Rxg6 37. Be3 Re6 38. Bd4 g5 39. Rg8 Kd6 40. Rxg5
Kc6 41. Ra5 Kb7 42. Rd5 Kc6 43. Rh5 Kb7 44. a4 Kc6 45. a5 Kb7 46. Kb2 Kc6 47.
Ka3 Kb7 48. Kb4 Rc6 49. Rh7 Kc7 50. Bc5 Kc8 51. Bd4 Kc7 52. Rh4 Kb7 53. Bh8 Rc8
54. Rh7 1-0

[Event "Titled Tue 1st Jul Early"]
[Site "chess.com INT"]
[Date "2025.07.01"]
[Round "2"]
[White "Paxtor Chiguichon, Rodolfo Enrique"]
[Black "Sabatier, Mathis"]
[Result "0-1"]
[WhiteTitle "CM"]
[BlackTitle "CM"]
[WhiteElo "2031"]
[BlackElo "2235"]
[WhiteFideId "7307012"]
[BlackFideId "26029685"]
[EventDate "2025.07.01"]

1. e4 c5 2. Nf3 d6 3. c3 Nf6 4. Bd3 g6 5. Bc2 Bg7 6. O-O O-O 7. d4 cxd4 8. cxd4
Nc6 9. Nc3 Bg4 10. Be3 Rc8 11. h3 Bxf3 12. Qxf3 Nd7 13. Rfd1 Nb6 14. Bb3 Na5 15.
Rac1 Nac4 16. Rc2 Nxe3 17. Qxe3 d5 18. e5 e6 19. Rdc1 a6 20. Na4 Rxc2 21. Rxc2
Nxa4 22. Bxa4 Qa5 23. Bb3 Qb4 24. Qc3 Qb6 25. Qc7 Qxd4 26. Qxb7 Qd1+ 27. Kh2
Bxe5+ 28. g3 Qf1 29. Rd2 h5 30. Qb4 Kg7 31. Qh4 Bf6 32. Qf4 h4 33. Bc2 hxg3+ 34.
fxg3 Qe1 35. Bb3 e5 36. Qf2 Qe4 37. Bxd5 Qb4 38. Bb3 Rh8 39. Re2 Qg4 40. Qg2 Qd7
41. Rf2 e4 42. Re2 Re8 43. Rxe4 Rxe4 44. Qxe4 Qd2+ 45. Qg2 Qd6 46. Qf2 Qc7 47.
Kg2 Be5 48. Qf3 Bf6 49. Qf2 a5 50. h4 Qc6+ 51. Qf3 Qd6 52. Bd5 Qb4 53. b3 Qd2+ 0-1

[Event "Titled Tue 1st Jul Early"]
[Site "chess.com INT"]
[Date "2025.07.01"]
[Round "2"]
[White "Mitrabha, Guha"]
[Black "Iljin, Timofey"]
[Result "1-0"]
[WhiteTitle "GM"]
[BlackTitle "IM"]
[WhiteElo "2515"]
[BlackElo "2242"]
[WhiteFideId "5057000"]
[BlackFideId "14110180"]
[EventDate "2025.07.01"]

1. Nf3 Nf6 2. g3 g6 3. Bg2 Bg7 4. O-O O-O 5. c4 d6 6. Nc3 a5 7. d3 Nc6 8. Rb1
Nh5 9. a3 f5 10. Bd2 f4 11. b4 axb4 12. axb4 Bg4 13. b5 Nd4 14. Nd5 Ra2 15. Nxd4
Bxd4 16. Nxf4 Nxf4 17. gxf4 Qc8 18. c5 Kg7 19. cxd6 exd6 20. Rb4 Bc5 21. Re4 d5
22. Re5 Bh3 23. Bc3 d4 24. Qb3 Rxf4 25. Qxa2 Rg4 26. Rxc5 Bxg2 27. f3 Bh3+ 28.
Kf2 Rg2+ 29. Ke1 dxc3 30. Qd5 Qa8 31. Qe5+ Kg8 32. Qxc3 Qa2 33. Qc4+ Qxc4 34.
Rxc4 Rxh2 35. Rxc7 Bxf1 36. Kxf1 Rh1+ 37. Kf2 Rb1 38. Rxb7 h5 39. d4 h4 40. d5
g5 41. d6 Kf8 42. b6 Ke8 43. e4 Rb5 44. Kg2 Rb3 45. Re7+ Kd8 46. b7 Rb2+ 47. Kh3
Rb3 48. Kg4 Rb6 49. Rh7 Rxd6 50. b8=Q# 1-0

[Event "Titled Tue 1st Jul Early"]
[Site "chess.com INT"]
[Date "2025.07.01"]
[Round "2"]
[White "Gattani, Sarthak"]
[Black "Aarav Sinha"]
[Result "0-1"]
[BlackTitle "FM"]
[WhiteElo "1944"]
[BlackElo "2224"]
[WhiteFideId "30995965"]
[BlackFideId "25674064"]
[EventDate "2025.07.01"]

1. d4 Nf6 2. c4 e6 3. Nf3 d5 4. Nc3 Be7 5. Bf4 O-O 6. e3 b6 7. Rc1 c5 8. cxd5
Nxd5 9. Nxd5 exd5 10. b3 Be6 11. Bd3 h6 12. h3 Nc6 13. O-O Nb4 14. Bb1 c4 15. a3
Nd3 16. Bxd3 cxd3 17. Qxd3 Bxa3 18. Ra1 Bd6 19. Bxd6 Qxd6 20. Rfc1 Rfc8 21. Ne5
f6 22. Nf3 a5 23. Re1 Qb4 24. e4 Rc3 25. Qd2 Rxb3 26. Qf4 Rd8 27. e5 f5 28. Rec1
Qe7 29. Rc6 Rc8 30. Rac1 Rxc6 31. Rxc6 Rb4 32. g4 fxg4 33. hxg4 Rc4 34. Rxb6 Rc8
35. g5 Rf8 36. Qg3 h5 37. g6 Bg4 38. Nh2 Qc7 39. Rb1 Qc2 40. Rf1 Qxg6 41. Nxg4
Qxg4 42. Qxg4 hxg4 43. Ra1 Rf4 44. Rxa5 Rxd4 45. Kg2 Re4 46. Rxd5 Kf7 47. Kg3
Ke6 48. f3 Re3 49. Ra5 gxf3 50. Kf2 Rb3 51. Rc5 Kf5 52. Ra5 g6 0-1

[Event "Titled Tue 1st Jul Early"]
[Site "chess.com INT"]
[Date "2025.07.01"]
[Round "2"]
[White "Tyukhanov, Alexey"]
[Black "Arya G Mallar"]
[Result "1-0"]
[WhiteTitle "CM"]
[BlackTitle "WCM"]
[WhiteElo "2218"]
[BlackElo "2000"]
[WhiteFideId "24149829"]
[BlackFideId "25115324"]
[EventDate "2025.07.01"]

1. e4 c5 2. Nf3 d6 3. c3 Nf6 4. Bd3 Bg4 5. h3 Bh5 6. O-O Nc6 7. Bc2 e5 8. d3 Be7
9. Bg5 O-O 10. Nbd2 b5 11. Re1 Rb8 12. a3 Qc7 13. Nf1 h6 14. Bxf6 Bxf6 15. g4
Bg6 16. Ne3 Ne7 17. Qd2 Rfc8 18. h4 Nc6 19. Nd5 Qd8 20. h5 Bh7 21. Bb3 c4 22.
dxc4 Na5 23. Ba2 bxc4 24. Re2 Rb5 25. Qe3 a6 26. Rd1 Rcb8 27. Nb4 Qc7 28. Nxa6
Qb7 29. Nxb8 Qxb8 30. Rdd2 Be7 31. g5 Qc8 32. gxh6 Qg4+ 33. Kh1 Qxh5+ 34. Nh2
Bg5 35. Rxd6 gxh6 36. Qf3 Qh4 37. Rd7 Bf4 38. Qg4+ Qxg4 39. Nxg4 Bg6 40. Nf6+
Kg7 41. Nd5 Rc5 42. Nxf4 exf4 43. Kg2 Rh5 44. Kf3 Rh3+ 45. Kxf4 Kf6 46. e5+ Ke6
47. Rd6+ Ke7 48. Ra6 Bh5 49. Re3 Rh4+ 50. Kg3 Rg4+ 51. Kh3 Rf4 52. Rxa5 Rxf2 53.
Bxc4 Bg6 54. Ra7+ Ke8 55. e6 Bf5+ 56. Kg3 1-0